00639nam a2200205 a 4500003000400000005001700004008004100021020002900062040001700091082002100108100001200129245005200141250001200193260003000205300002900235650002500264942000800289952012100297999001500418IIN20251201112825.0250924s2023 xx ad d 000 0 eng d cRs.624.00a9788131256886 aIINbEnglish a610.3 bDOR1 aDorland1 aDorland's Pocket Medical Dictionarycby Dorland a30th ed bElsevieraNew Delhic2023 axxvii, 850 p.bcol. ill.1 aDictionaryvMedical  cREF 00102ddc4051718PURCHaIINbIINcREFd2025-03-18l0o610.3 DORp2133r2025-09-24 11:45:06w2025-09-24yREF c1873d1873